| 000 | 01021nam a2200289 4500 | ||
|---|---|---|---|
| 999 |
_c835 _d835 |
||
| 003 | OSt | ||
| 005 | 20200611111111.0 | ||
| 008 | 200611b ||||| |||| 00| 0 eng d | ||
| 020 | _a0673331997 | ||
| 040 |
_aKABLIB _cKABLIB _dKABLIB |
||
| 082 |
_223 _a516.24 _bRUB |
||
| 100 |
_aRubenstein, Rheta N. _92626 |
||
| 245 |
_aFunctions, Statistics and Trigonometry / _cRheta N. Rubenstein...(et al.). |
||
| 260 |
_aNew York : _bScott, Foresman, _cc1992. |
||
| 300 |
_aix, 937 p. : _bill. (col.) ; _c26 cm. |
||
| 500 | _aIncludes index. | ||
| 700 |
_aSchultz, James E. _eJoint Author _92627 |
||
| 700 |
_aSenk, Sharon L. _eJoint Author _92628 |
||
| 700 |
_aHackworth, margaret. _eJoint Author _92629 |
||
| 700 |
_aMcConnell, John W. _eJoint Author _92630 |
||
| 700 |
_aViktora, Steven S. _eJoint Author _92631 |
||
| 700 |
_aAksoy, Dora _eJoint Author _92632 |
||
| 700 |
_aFlanders, James. _eJoint Author _92633 |
||
| 700 |
_aKissane, Barry. _eJoint Author _92634 |
||
| 700 |
_aUsiskin, Zlman. _eJoint Author _92635 |
||
| 942 |
_2ddc _cBOOK |
||